<?xml version="1.0" encoding="UTF-8"?>
<record
    xmlns:xsi="http://www.w3.org/2001/XMLSchema-instance"
    xsi:schemaLocation="http://www.loc.gov/MARC21/slim http://www.loc.gov/standards/marcxml/schema/MARC21slim.xsd"
    xmlns="http://www.loc.gov/MARC21/slim">

  <leader>01942nam a2200181 i 4500</leader>
  <controlfield tag="001">170703</controlfield>
  <controlfield tag="003">ES-MaACL</controlfield>
  <controlfield tag="005">20230906214435.0</controlfield>
  <controlfield tag="008">090331s18581863sp           |||| | spa d</controlfield>
  <datafield tag="080" ind1=" " ind2=" ">
    <subfield code="a">94(460)</subfield>
  </datafield>
  <datafield tag="110" ind1="2" ind2=" ">
    <subfield code="a">Real Academia de la Historia (Espa&#xF1;a)</subfield>
    <subfield code="9">6309</subfield>
  </datafield>
  <datafield tag="245" ind1="1" ind2="0">
    <subfield code="a">Discursos le&#xED;dos en las sesiones p&#xFA;blicas que para dar posesi&#xF3;n de plazas de n&#xFA;mero ha celebrado la Real Academia de la Historia, </subfield>
    <subfield code="f">1858-1863.</subfield>
  </datafield>
  <datafield tag="260" ind1=" " ind2=" ">
    <subfield code="a">Madrid : </subfield>
    <subfield code="b">[s.n.], </subfield>
    <subfield code="c">1858 (</subfield>
    <subfield code="f">Imp. de F. S&#xE1;nchez)</subfield>
  </datafield>
  <datafield tag="300" ind1=" " ind2=" ">
    <subfield code="a">1 v. ; </subfield>
    <subfield code="c">27 cm.</subfield>
  </datafield>
  <datafield tag="505" ind1="0" ind2=" ">
    <subfield code="a">Algunas consideraciones sobre la &#xED;ndole y naturaleza de la Instituci&#xF3;n real, y de los Concilios de Toledo durante la dominaci&#xF3;n goda / Juan Manuel Montalb&#xE1;n (46 p.). Discurso de contestaci&#xF3;n / P. G&#xF3;mez de la Serna (p. 47-62). Historia de la Edad Media / Tom&#xE1;s Mu&#xF1;oz y Romero (64 p.). Contestaci&#xF3;n / J. Amador de los R&#xED;os (p. 65-98). La dominaci&#xF3;n de los espa&#xF1;oles en Italia / Antonio C&#xE1;novas del Castillo (50 p.). Contestaci&#xF3;n / S. Est&#xE9;banez Calder&#xF3;n (p. 51-90). El estado de los estudios hist&#xF3;ricos en Espa&#xF1;a durante el reinado de Carlos II / Carlos Ram&#xF3;n Fort (32 p.). Progresos que en los &#xFA;ltimos treinta a&#xF1;os ha hecho la historia de los pueblos primitivos... / Vicente V&#xE1;zquez Queipo (42 p.). Discurso de contestaci&#xF3;n / A. Cavanilles (p. 43-58). Caracteres de la civilizaci&#xF3;n de Espa&#xF1;a / Pedro de Madrazo (63 p.). Contestaci&#xF3;n / A. Cavanilles (p. 65-76). Las tres Comunidades de Arag&#xF3;n / Vicente de la Fuente (64 p.). Contestaci&#xF3;n / M. Colmeiro (p.66-72). Las obras p&#xFA;blicas en los antiguos tiempos: caminos romanos / Eduardo Saavedra (33 p.). Contestaci&#xF3;n / A. Fern&#xE1;ndez-Guerra y Orbe (p. 35-106). Consideraciones sobre la dominaci&#xF3;n de las razas africanas en Espa&#xF1;a / Emilio Lafuente y Alc&#xE1;ntara (44 p.). Contestaci&#xF3;n / A. C&#xE1;novas del Castillo (p. 45-72).</subfield>
  </datafield>
  <datafield tag="651" ind1=" " ind2="4">
    <subfield code="a">Espa&#xF1;a-</subfield>
    <subfield code="x">Historia.</subfield>
    <subfield code="9">8209</subfield>
  </datafield>
  <datafield tag="852" ind1=" " ind2=" ">
    <subfield code="a">ES-MaACL</subfield>
    <subfield code="j">K-117     </subfield>
    <subfield code="z">- Enc. pasta espa&#xF1;ola</subfield>
  </datafield>
  <datafield tag="999" ind1=" " ind2=" ">
    <subfield code="c">170703</subfield>
    <subfield code="d">170703</subfield>
  </datafield>
  <datafield tag="952" ind1=" " ind2=" ">
    <subfield code="0">0</subfield>
    <subfield code="1">0</subfield>
    <subfield code="4">0</subfield>
    <subfield code="7">0</subfield>
    <subfield code="8">LIBXIX</subfield>
    <subfield code="a">ATENEOM</subfield>
    <subfield code="b">ATENEOM</subfield>
    <subfield code="c">ADM</subfield>
    <subfield code="d">2009-03-31</subfield>
    <subfield code="l">0</subfield>
    <subfield code="o">K-117</subfield>
    <subfield code="p">1179146</subfield>
    <subfield code="r">2023-02-23 00:00:00</subfield>
    <subfield code="w">2023-02-23</subfield>
    <subfield code="y">MONANT</subfield>
  </datafield>
</record>
